Constitución de la nación Argentina concordada con sus reformas y antecedentes

Saved in:
Bibliografiske detaljer
Hovedforfatter: Zarini, Helio Juan (Author)
Format: Bog
Sprog:spansk
Udgivet: Buenos Aires Astrea 1976
Fag:
Tags: Tilføj Tag
Ingen Tags, Vær først til at tagge denne postø!

MARC

LEADER 00000nam a2200000 a 4500
001 UCT9794
003 CL-VaPUC
008 970411e19760000AG |||||||||||||||||spa|d
082 0 4 |a 342.82  |b ZAR  |2 21 
100 0 |a Zarini, Helio Juan  |e author  |9 382826 
245 1 0 |a Constitución de la nación Argentina concordada con sus reformas y antecedentes 
300 |a 396 p 
942 |c BK 
945 |d 19970411 00:00:00  |a paguirre 
260 |a Buenos Aires  |b Astrea  |c 1976 
650 0 |a Constituciones  |9 255417 
650 0 |a Derecho constitucional   |9 222588 
650 0 |a Derechos civiles y políticos   |9 338684 
650 0 |a Gobierno   |9 255508 
650 0 |a Soberanía  |9 266726 
650 0 |a Ciudadanía  |9 258339 
650 0 |a Libertad individual  |9 352859 
650 0 |a Federalismo  |9 313886 
650 0 |a Poder legislativo  |9 258808 
650 7 |a CAMARA ALTA  |2 CL-VaPUC  |9 338612 
650 7 |a CAMARA BAJA  |2 CL-VaPUC  |9 382827 
650 0 |a Poder ejecutivo  |9 255177 
650 7 |a PRESIDENCIA  |2 CL-VaPUC  |9 341215 
650 0 |a Poder judicial  |9 254871 
651 0 |a Argentina  |9 254888 
583 |a last modification  |c 19970411 00:00:00  |k Rodrigo Vera 
999 |c 258173  |d 258171 
952 |0 0  |1 0  |4 0  |6 342_820000000000000_ZAR_1976  |7 0  |8 A  |9 282065  |a BIBDER  |b BIBDER  |d 2019-11-19  |i 1830562  |o 342.82 ZAR 1976  |p 1830562  |r 2023-01-25  |w 2019-11-19  |y BK  |k DER